000 00541nam a2200181Ia 4500
005 20250508154003.0
008 008 250505s9999 xx 000 0 eng d
037 _aTextual
040 _aFEDL
_beng
_cFEDL
041 _aeng
_2eng
084 _a016.378155, UNI
_qFEDL
245 0 _aGraduate education: An annotated bibliography
260 _aWashington, USA
_bU.S. Government Printing Office
_c1961
300 _avi,151p.
650 _aBibliographies
942 _cTEXL
_h016.378155, UNI
999 _c1346822
_d1346822